000 00522nam a2200181Ia 4500
008 240729s9999 xx 000 0 und d
022 _a2093-7717
245 0 _aJournal of Distribution Science
260 _aKorea, Republic of
260 _bKorea Distribution Science Association
650 _a Business
650 _a Commerce
650 _a Marketing. Distribution of products
650 _aSocial Sciences
856 _uhttps://doaj.org/toc/5ee64b7d0caf46ff8147633ca2081f4e
942 _2ddc
942 _cDOAJEJ
999 _c74768
_d74768
945 _a1
_bMadushi Gamage
_c1
_dMadushi Gamage